Statystyki dla Największe miasta w Polsce zawierające literę

Kliknij tutaj aby rozwiązać quiz!

Ogólne statystyki

  • Ten quiz został rozwiązany 12 793 razy
  • Średni wynik to 22 z 32

Statystyki odpowiedzi

LiteraMiasto% Poprawnych
AWarszawa
99%
RWarszawa
99%
SWarszawa
99%
WWarszawa
99%
ZWarszawa
99%
KKraków
93%
ÓKraków
93%
GGdańsk
92%
OWrocław
86%
ŁWrocław
86%
CWrocław
86%
ŃPoznań
85%
PPoznań
85%
NPoznań
85%
DŁódź
82%
ŹŁódź
82%
ESzczecin
78%
ISzczecin
78%
ULublin
74%
LLublin
74%
BBydgoszcz
73%
YBydgoszcz
73%
TBiałystok
72%
HCzęstochowa
47%
ĘCzęstochowa
47%
MRadom
40%
ŻŻory
25%
ĆZamość
17%
JJaworzno
14%
ŚRuda Śląska
14%
ĄRuda Śląska
14%
FJózefów
3%

Rozkład punktacji

Percentyl według liczby udzielonych odpowiedzi

Procent ludzi z każdym wynikiem

Twoja historia wyników

Nie rozwiązałeś tego quizu